00502nam a2200193Ia 4500003000400000005001700004008004100021020002200062040000700084041000800091082001600099100002400115245007000139260003900209300001300248365001600261650001600277650001500293OSt20230509133114.0210423s2007 xx 000 0 und d a978-0-7619-2772-3 cAL aeng a519.53 WARA aWARNER (Rebecca M.) aApplied statistics:From bivariate through multivariate techniques aNew DelhibSage Publicationsc2007 a110pbHB b7903.2cWIP aMathematics aStatistics